000 00761nam a2200205 4500
003 LK-CoMWRAF
005 20231120104444.0
008 230831b2012 |||||||| |||| 00| 0 eng d
020 _a9789551858018
040 _aLK-CoMWRAF
_dLK-CoMWRAF
_eLK-CoMWRAF
041 _aeng
082 _a331.8
_bWOM
245 _aWomen's leadership;
_bpoverty, violence against women and women's leadership in tea plantation trade unions in Sri Lanka.
260 _aKandy:
_bRed Flag Women's Movement,
_c2012
300 _axxii, 111 pages ; 25 cm
_bBibliography included
650 _aWOMEN TEA PLANTATION WORKERS-Sri Lanka
650 _aWomen tea plantation workers-Economic and social conditions.
650 _aTea plantation workers--Labor unions--Sri Lanka.
942 _cBK
999 _c3328
_d3328